01126pab a2200121 454500008003600000100001900036245009900055362003100154520072200185650003900907650003100946773002700977180718b xxu||||| |||| 00| 0 eng d aCambell Adrian aLocal government policy making and management in Russia: the case of St. Petersburg :Leningrad a21(1), Spring 93, p.133-42 aLocal government in Russia is characterized by the collapse of traditional relationships between legislative and executive powers and between different levels of executive and legislative hierarchies. The re-definition of these relationships involves a struggle for power pursued against a backdrop of radical systemic change in the economic and social spheres. These changes are accompanied by a breakdown (and gradual realignment) of the system of distribution, which has accelerated the process of economic and social destabilization in the larger cities. The response of local administrations to the problems generated has been hampered by the fiscal crisis that affects both national and local levels of governme a Government and Politics -- Russia aLocal Government -- Russia aPolicy Studies Journal